Ein Bruchstück einer Totenfürbitte aus dem Anfang des 14. Jahrhunderts

Titel: Ein Bruchstück einer Totenfürbitte aus dem Anfang des 14. Jahrhunderts
Verfasser:
In: Verein für Geschichte Schlesiens: Zeitschrift des Vereins für Geschichte Schlesiens, Band 72 (1938), Seite 352-354
alle Artikel anzeigen
Veröffentlicht: 1938
Format: Aufsatz
Sprache: Deutsch
Kein Bild verfügbar
X
alg: 39177840
001A    $01999:11-11-16 
001B    $01999:12-03-21 $t19:05:37.000 
001C    $06050:19-11-16 $t08:45:22.000 
001D    $01999:11-11-16 
001U    $0utf8 
001X    $00 
002@    $0Aox 
003@    $0391778404 
007A    $0391778404 $aHEB 
007T    $0Herda03508 
010@    $ager 
011@    $a1938 
021A    $aEin @Bruchstück einer Totenfürbitte aus dem Anfang des 14. Jahrhunderts 
028A    $aEis $dGerhard 
031A    $d72 $h352-354 $j1938 
037A    $aAus dem Kreis Frankenberg/S. stammend 
039B    $aIn $8--Abvc--Verein für Geschichte Schlesiens [Tb1]. Zeitschrift des Vereins für Geschichte Schlesiens. - Breslau : Trewendt & Garnier, 1906-1943 $x193800000720000648 $9047252138 
045F    $a900.943850902 $eDDC23BSB 
045F/01 $a900 
045F/03 $f0902 
045F/03 $g4385 
045T    $a9,10 

lok: 39177840 78

exp: 39177840 78 1 #EPN
201B/01 $026-10-18 $t23:15:30.000 
201U/01 $0utf8 
203@/01 $0787873365 
208@/01 $a11-11-16 $be 
209A/01 $a/ $f000 $x00 
220C/01 $aTitelaufnehmer: cs 
244Z/01 $2Trx $#Silesia $#Śląsk $#Sliezsko $#Slezsko $8--Trx--Schlesien $x01 $9391173987 
244Z/01 $#Landkreis Ząbkowicki $#Ząbkowice Śląskie powiat $#Frankenstein in Schlesien Kreis $71104765489 $8--Tg1--Powiat Ząbkowicki $x02 $938198477X 
244Z/01 $aGeschichte 1300-1400 $x03 
244Z/01 $2Trx $#käsikirjad $#rankraščiai $#Manuscripts $#kéziratok $#rękopisy $#rukopisy $#rukopisy $8--Trx--Handschriften $x04 $9391380524 
244Z/01 $2Trx $#isikute registrid $#asmenų sąrašai $#index of persons $#személyi jegyzékek $#wykazy osobowe $#registre personálne $#rejstříky osob $8--Trx--Personenverzeichnisse $x05 $9391354329 
244Z/01 $2Trx $8--Trx--Zeitschriftenaufsatz $x06 $9391384341 
245Z/01 $a13.02 $x01 
245Z/01 $a03.02 $x02 
247C/01 $82080>Marburg/Lahn, Herder-Institut, Forschungsbibliothek, Bibliographieportal $9336309341
LEADER 00000caa a22000002c 4500
001 391778404
003 DE-603
005 20210312190537.0
007 tu
008 161111s1938 xx |||| | u00||u|ger c
035 |a (DE-599)HEB391778404 
040 |a DE-603  |b ger  |c DE-603  |d DE-603 
041 |a ger 
082 0 4 |8 1\u  |a 900.943850902  |q DE-101  |2 23/BSB 
084 |a 9,10  |2 ssgn 
085 |8 1\u  |b 900 
085 |8 1\u  |z 1  |s 0902 
085 |8 1\u  |z 2  |s 4385 
100 1 |a Eis, Gerhard 
245 0 0 |a ˜Einœ Bruchstück einer Totenfürbitte aus dem Anfang des 14. Jahrhunderts 
264 0 |c 1938 
500 |a Aus dem Kreis Frankenberg/S. stammend 
773 0 8 |i In  |a Verein für Geschichte Schlesiens  |t Zeitschrift des Vereins für Geschichte Schlesiens  |d Breslau : Trewendt & Garnier, 1906-1943  |g Band 72 (1938), Seite 352-354  |w (DE-603)047252138  |w (DE-600)200433-1 
924 0 |9 2080  |a (DE-603)787873365  |b DE-2080  |c HES  |d d  |g /